000 00214 a2200097 4500
001 32481
100 _aArrillaga, Jos
245 _aAC DC Power systems Analysis
260 _aLondon
_bIEE
_c
090 _c21755
_d21755
942 _aNUST-CAE
_cM
_c13064
999 _c267554
_d267554